[Event "South Moravia Region-chT 2223"]
[Site "Czech Republic"]
[Date "2023.01.29"]
[Round "7.7"]
[White "Kusalik, Roman"]
[Black "Zerdaloglu, Vasilis"]
[Result "1-0"]
[WhiteElo "2029"]
[BlackElo "1683"]
[PlyCount "65"]
[EventDate "2022.10.09"]
[EventType "team-tourn"]
[EventRounds "11"]
[EventCountry "CZE"]
[SourceTitle "EXT 2024"]
[Source "ChessBase"]
[SourceDate "2023.10.10"]
[SourceVersion "1"]
[SourceVersionDate "2023.10.10"]
[SourceQuality "1"]

1. e4 e5 2. f4 exf4 3. Nf3 d5 4. exd5 Qxd5 5. Nc3 Qa5 6. d4 Bd6 7. Bc4 Ne7 8. 0-0 0-0 9. Ne4 Ng6 10. Nfg5 Be6 11. Nxe6 fxe6 12. Bxe6+ Kh8 13. c4 Be7 14. c5 Nc6 15. Bd2 Qa6 16. Bc3 Nxd4 17. Qxd4 Bf6 18. Qc4 Bxc3 19. Nxc3 b5 20. cxb6 Qxb6+ 21. Kh1 Rae8 22. Rae1 Qd6 23. Nb5 Qb6 24. Nxc7 Rd8 25. Nd5 Qd6 26. b4 f3 27. gxf3 Ne5 28. Qc7 Qxe6 29. Rxe5 Qh3 30. Kg1 Rd7 31. Qc5 Rdf7 32. Rg5 Rxf3 33. Qxf8+ 1-0

[Event "Bohemia South-chT 0405"]
[Site "Czech Republic"]
[Date "2005.??.??"]
[Round "?"]
[White "Kusalik, Roman"]
[Black "Hnilicka, Michal"]
[Result "1-0"]
[WhiteElo "1940"]
[BlackElo "1745"]
[PlyCount "59"]
[EventDate "2004.10.??"]
[EventType "team"]
[EventRounds "11"]
[EventCountry "CZE"]
[SourceTitle "EXT 2007"]
[Source "ChessBase"]
[SourceDate "2006.11.23"]
[SourceVersion "1"]
[SourceVersionDate "2006.11.23"]
[SourceQuality "1"]

1. e4 e5 2. f4 d5 3. exd5 e4 4. Bc4 Nf6 5. d3 exd3 6. Qxd3 Bc5 7. Qe2+ Be7 8. Nc3 0-0 9. Bd2 Bc5 10. 0-0-0 Re8 11. Qd3 a6 12. Re1 b5 13. Bb3 Bb7 14. Rxe8+ Qxe8 15. Nf3 Nbd7 16. Re1 Qf8 17. Ne5 Bd6 18. Nxd7 Nxd7 19. Ne4 Nc5 20. Nxc5 Bxc5 21. Bc3 b4 22. Bd4 Bxd4 23. Qxd4 Qd6 24. Qe5 Qc5 25. Qe7 Qb5 26. Bc4 Qa4 27. b3 Qa3+ 28. Kb1 Rf8 29. d6 Qa5 30. Qxf7+ 1-0